NBA 10-Man Rotations 2019-2020 (updated daily) Quiz Stats

 Plays Quiz not verified by Sporcle

Score 0/300 Timer 20:00
2 Plays Today
Player Team % Correct
Thaddeus Young
99.1%
Atlanta HawksTrae Young
98.8%
Lou Williams
97.5%
Robert Williams III
97.2%
Grant Williams
97.2%
Marvin Williams
97.2%
Draymond Green
96.6%
JaMychal Green
96.6%
Danny Green
96.6%
Boston CelticsKemba Walker
96.3%
Brooklyn NetsKyrie Irving
96.3%
Gerald Green
96.3%
Jeff Green
96.3%
Jaylen Brown
95.6%
Jayson Tatum
95.6%
Gary Harris
95.3%
Bruce Brown
95.3%
Klay Thompson
95.3%
Sterling Brown
95.3%
Joe Harris
95%
Tristan Thompson
95%
Tobias Harris
95%
John Collins
94.7%
Golden State WarriorsStephen Curry
94.7%
Zach Collins
94.7%
Chicago BullsCoby White
94.4%
Luka Doncic
94.4%
Seth Curry
94.4%
LeBron James
94.1%
Kawhi Leonard
93.8%
Anthony Davis
93.8%
Meyers Leonard
93.8%
Houston RocketsRussell Westbrook
93.5%
James Harden
93.5%
Paul George
93.5%
Jaren Jackson Jr
93.5%
Ed Davis
93.5%
Nikola Jokic
92.8%
Kevin Durant
92.5%
Zach Lavine
92.5%
Kristaps Porzingis
92.5%
Denver NuggetsJamal Murray
92.5%
Detroit PistonsReggie Jackson
92.5%
Josh Jackson
92.5%
Karl-Anthony Towns
92.5%
Zion Williamson
92.5%
San Antonio SpursDejounte Murray
92.5%
Eric Gordon
91.9%
Aaron Gordon
91.9%
Evan Turner
91.6%
DeAndre Jordan
91.6%
Clint Capela
91.6%
Myles Turner
91.6%
LA LakersRajon Rondo
91.6%
D'Angelo Russell
91.3%
Victor Oladipo
91.3%
Portland Trail BlazersDamian Lillard
91.3%
Blake Griffin
91%
Andre Drummond
91%
Brook Lopez
91%
Wendell Carter Jr
90.7%
Khris Middleton
90.7%
Robin Lopez
90.7%
New Orleans PelicansLonzo Ball
90.7%
CJ McCollum
90.7%
Kevin Love
90.3%
Kevin Porter Jr
90.3%
Micheal Porter Jr
90.3%
Oklahoma City ThunderChris Paul
90.3%
Philadelphia 76ersBen Simmons
90.3%
Milwaukee BucksEric Bledsoe
90%
Giannis Antetokounmpo
90%
Jimmy Butler
89.7%
Joel Embiid
89.7%
Marc Gasol
89.7%
New York KnicksDennis Smith Jr
89.4%
Toronto RaptorsKyle Lowry
89.4%
Troy Brown Jr
89.4%
Otto Porter
89.1%
Steven Adams
89.1%
Devin Booker
88.8%
Patty Mills
88.8%
Jrue Holiday
88.2%
DeMar DeRozan
88.2%
Bradley Beal
88.2%
Charlotte HornetsTerry Rozier
87.9%
Aaron Holiday
87.9%
LA ClippersPatrick Beverley
87.9%
Miami HeatGoran Dragic
87.9%
Al Horford
87.5%
Washington WizardsJohn Wall
87.5%
Enes Kanter
87.2%
Collin Sexton
87.2%
Lamarcus Aldridge
87.2%
Donovan Mitchell
87.2%
Rudy Gobert
87.2%
Indiana PacersMalcolm Brogdon
86.9%
Brandon Ingram
86.9%
Sacramento KingsDe'Aaron Fox
86.9%
Buddy Hield
86.6%
Player Team % Correct
Lauri Markkanen
86.3%
Minnesota TimberwolvesJeff Teague
86.3%
Jarrett Culver
86.3%
Nikola Vucevic
86.3%
Pascal Siakam
86.3%
Paul Millsap
86%
Jarrett Allen
85.7%
Hassan Whiteside
85.7%
Utah JazzMike Conley
85.7%
Dwight Howard
85.4%
James Johnson
85.4%
Bryn Forbes
85.4%
Rui Hachimura
85.4%
PJ Tucker
85%
Phoenix SunsRicky Rubio
85%
Tyler Johnson
85%
Cam Johnson
85%
Gordon Hayward
84.4%
Willie Cauley-Stein
84.4%
Jusuf Nurkic
84.4%
Bojan Bogdanovic
84.1%
Javale McGee
83.8%
Bogdan Bogdanovic
83.8%
Caris LeVert
83.5%
DeAndre Ayton
83.5%
Devin Robinson
83.5%
Julius Randle
82.9%
Marcus Smart
82.6%
Memphis GrizzliesJa Morant
82.6%
Josh Richardson
82.6%
Derrick Jones Jr
81%
Kevin Huerter
80.7%
Domantas Sabonis
80.7%
Jonas Valanciunas
80.4%
Montrezl Harrell
80.1%
Evan Fournier
80.1%
JJ Redick
79.8%
Tim Hardaway Jr
79.4%
Markieff Morris
79.4%
Cody Zeller
79.1%
Monte Morris
79.1%
Kyle Kuzma
79.1%
Marcus Morris
79.1%
Joe Ingles
79.1%
Derrick Rose
78.8%
Jerome Robinson
78.8%
Mitchell Robinson
78.8%
Tyus Jones
78.2%
Alex Len
77.9%
Marvin Bagley III
77.6%
Ivica Zubac
77.3%
RJ Barrett
77.3%
Orlando MagicDJ Augustin
77.3%
Norman Powell
76.9%
Spencer Dinwiddie
76.6%
Andrew Wiggins
76.6%
Danilo Gallinari
76.3%
Justice Winslow
76%
DeAndre Hunter
75.7%
Nicolas Batum
75.4%
Bam Adebayo
75.4%
Cleveland CavaliersDarius Garland
75.1%
Harrison Barnes
75.1%
Matisse Thybulle
74.8%
Serge Ibaka
74.1%
Miles Bridges
73.8%
Cedi Osman
73.8%
Gary Clark
73.8%
Shai Gilgeous-Alexander
73.8%
Fred VanVleet
73.8%
George Hill
73.2%
Larry Nance Jr
72.3%
Darius Miller
72%
Landry Shamet
71%
Jerami Grant
70.7%
Kent Bazemore
70.7%
Kevon Looney
70.4%
Rudy Gay
70.1%
Isaiah Thomas
70.1%
Mikal Bridges
69.8%
Thomas Bryant
69.5%
Boban Marjanovic
69.2%
Jordan Clarkson
68.5%
TJ Warren
68.5%
Kevin Knox
68.5%
Andre Roberson
68.5%
Dario Saric
68.5%
Mason Plumlee
67.9%
Wesley Matthews
67.9%
Taj Gibson
67.9%
Will Barton
67.6%
Kentavious Caldwell-Pope
67.3%
Derrick Favors
67.3%
Dewayne Dedmon
67%
Derrick White
67%
Mohammed Bamba
66.7%
Johnathan Isaac
66.4%
Rodney Hood
66%
Cameron Reddish
65.4%
Kelly Oubre Jr
65.4%
Player Team % Correct
Taurean Prince
64.8%
Jeremy Lamb
64.2%
Joe Johnson
63.9%
OG Anunoby
63.9%
Luke Kennard
63.2%
Kelly Olynyk
63.2%
Terrance Ross
63.2%
Dwight Powell
62.9%
Dennis Schroder
62.9%
Dion Waiters
62.6%
Malik Monk
61.7%
Maurice Harkless
61.1%
Al-Farouq Aminu
61.1%
Jabari Parker
60.7%
Kyle Anderson
60.7%
Micheal Kidd-Gilchrist
60.4%
Quinn Cook
60.4%
Robert Covington
59.8%
Tomas Satoransky
59.5%
Delon Wright
59.5%
Tyson Chandler
59.5%
Terrance Ferguson
58.9%
Austin Rivers
58.3%
Bobby Portis
57.6%
Danuel House Jr
57.3%
Markelle Fultz
57.3%
Aron Baynes
56.7%
Josh Okogie
56.1%
Rondae Hollis-Jefferson
56.1%
Jaxson Hayes
54.8%
Davis Bertans
54.8%
Elfrid Payton
54.5%
Malik Beasley
54.2%
Dallas MavericksJalen Brunson
53.9%
Emmanuel Mudiay
53.9%
Gorgui Dieng
53.6%
Daniel Theis
52.6%
DeMarre Carroll
52.6%
Jakob Poeltl
52.6%
Ersan Ilyasova
52.3%
Dante Exum
52%
Rodions Kurucs
51.7%
Willy Hernangomez
51.7%
Tyler Herro
51.4%
Josh Hart
51.4%
TJ McConnell
51.1%
Dillon Brooks
50.8%
Trevor Ariza
50.5%
Nerlenes Noel
49.8%
Alfonso Mckinnie
49.2%
Maxi Kleber
48.9%
Jared Dudley
48.6%
Matthew Dellavedova
48.3%
Jacob Evans III
47.7%
Jae Crowder
47.4%
Jake Layman
47%
Mike Scott
47%
Trey Burke
46.7%
Thon Maker
45.5%
Cory Joseph
44.9%
Kyle Korver
44.5%
DeAndre Bembry
43.6%
Denzel Valentine
43.6%
Nemanja Bjelica
43.6%
John Henson
43.3%
Dorian Finney-Smith
43%
Cristiano Felicio
40.8%
TJ Leaf
40.5%
Moritz Wagner
40.5%
Shabazz Napier
38.3%
Hamidou Diallo
38.3%
Chieck Diallo
38.3%
PJ Washington
38%
CJ Miles
38%
Romeo Langford
37.4%
Mario Hezonja
37.1%
Noah Vonleh
36.8%
Royce O'Neale
34.6%
Trey Lyles
34.3%
Patrick McCaw
33.3%
Kyle O'Quinn
32.7%
Anfernee Simons
32.4%
Jordan Poole
32.1%
Devonte Graham
31.5%
Ryan Arcidiacono
30.8%
Nickeil Alexander-Walker
30.8%
Sekou Doumbouya
30.5%
Omari Spellman
30.5%
Brandon Clarke
29%
Richaun Holmes
28.7%
Anthony Tolliver
28.3%
Jonah Bolden
28%
Ian Mahinmi
27.7%
Damyean Dotson
25.9%
Wilson Chandler
24.3%
Ivan Rabb
23.4%
Mike Muscala
23.4%
Wesley Iwundu
23.4%
Bruno Fernando
17.4%
Goga Bitazde
11.5%

You're not logged in!

Compare scores with friends on all Sporcle quizzes.
OR
Log In

Sporcle TV

Today on Sporcle TV


Watch our educational content, quiz creation guides, and fun videos on Sporcle TV.

Show Comments

Extras

Top Quizzes Today


Score Distribution

Your Account Isn't Verified!

In order to create a playlist on Sporcle, you need to verify the email address you used during registration. Go to your Sporcle Settings to finish the process.

Report this User

Report this user for behavior that violates our Community Guidelines.

Details: